La relación docente-discente en la Universidad (Registro nro. 28439)

Detalles MARC
000 -LEADER
fixed length control field 00396 a2200109 4500
001 - CONTROL NUMBER
control field ART_23171
005 - DATE AND TIME OF LATEST TRANSACTION
control field 20260410161929.0
008 - FIXED-LENGTH DATA ELEMENTS--GENERAL INFORMATION
fixed length control field 260409a
100 1# - MAIN ENTRY--PERSONAL NAME
Personal name Letizia, Francisco
245 10 - TITLE STATEMENT
Title La relación docente-discente en la Universidad
773 0# - HOST ITEM ENTRY
Title Revista de la Facultad de Ciencias Económicas de la Universidad de Cuyo
Related parts - Año XXXII, Nº 81 (ene./jun. 1980)
Record control number REV22981

No hay ítems disponibles.